[Event "GER-chT U10"]
[Site "Magdeburg"]
[Date "2016.12.28"]
[Round "4.3"]
[White "Rogalski, Niclas"]
[Black "Hierl, Andreas"]
[Result "0-1"]
[WhiteElo "600"]
[BlackElo "600"]
[PlyCount "100"]
[EventDate "2016.12.27"]
[EventType "team-swiss"]
[EventRounds "7"]
[EventCountry "GER"]
[SourceTitle "EXT 2018"]
[Source "ChessBase"]
[SourceDate "2017.10.13"]
[SourceVersion "1"]
[SourceVersionDate "2017.10.13"]
[SourceQuality "1"]
[WhiteTeam "Paderborn Blauer Springer"]
[BlackTeam "Neumarkt"]
[WhiteTeamCountry "GER"]
[BlackTeamCountry "GER"]

1. e4 e5 2. Nf3 Nc6 3. Nc3 Nf6 4. Bb5 Nd4 5. Nxd4 exd4 6. Ne2 a6 7. Ba4 Bc5 8. 0-0 Nxe4 9. d3 Nf6 10. h3 Qe7 11. b3 0-0 12. Re1 Qd8 13. Bb2 Bb4 14. Rf1 c5 15. a3 Bc3 16. Nxc3 dxc3 17. Bxc3 Nd5 18. Ba5 Qg5 19. Re1 Re8 20. d4 cxd4 21. Qxd4 Ne7 22. Bb4 h6 23. Bxe7 Rxe7 24. Rxe7 Qxe7 25. c3 d6 26. b4 Be6 27. Bc2 Qg5 28. Qd3 g6 29. Qxd6 Bd5 30. Kf1 Qxg2+ 31. Ke1 Re8+ 32. Kd1 Qf1+ 33. Kd2 Re2+ 34. Kd3 Be4+ 35. Kd4 Re1 36. Kc5 Rxa1 37. Bxe4 Rd1 38. Qb8+ Kg7 39. Bc2 Qxf2+ 40. Kc4 Qxc2 41. a4 Qe2+ 42. Kc5 Qe5+ 43. Kb6 Qxb8 44. b5 axb5 45. axb5 Rd6+ 46. Ka5 Qa8+ 47. Kb4 Qc8 48. c4 Rd4 49. Ka5 Rxc4 50. b6 Qc5# 0-1

[Event "GER-chT U10"]
[Site "Magdeburg"]
[Date "2016.12.27"]
[Round "1.3"]
[White "Rogalski, Niclas"]
[Black "Liang, Jiaxuan"]
[Result "0-1"]
[WhiteElo "600"]
[BlackElo "984"]
[PlyCount "84"]
[EventDate "2016.12.27"]
[EventType "team-swiss"]
[EventRounds "7"]
[EventCountry "GER"]
[SourceTitle "EXT 2018"]
[Source "ChessBase"]
[SourceDate "2017.10.13"]
[SourceVersion "1"]
[SourceVersionDate "2017.10.13"]
[SourceQuality "1"]
[WhiteTeam "Paderborn Blauer Springer"]
[BlackTeam "Hohentuebingen"]
[WhiteTeamCountry "GER"]
[BlackTeamCountry "GER"]

1. e4 c5 2. Nc3 a6 3. Nf3 Nf6 4. Bc4 e6 5. 0-0 h6 6. Re1 Be7 7. b3 Nc6 8. Bb2 0-0 9. h3 b6 10. Rb1 d6 11. d3 b5 12. Bxb5 axb5 13. Nxb5 Rxa2 14. c4 Qd7 15. Qd2 Bd8 16. Qc1 Nb4 17. Qd1 e5 18. Ba3 Nh5 19. Bxb4 cxb4 20. d4 exd4 21. Qxd4 Bf6 22. Qe3 Ba6 23. Nd2 Bg5 24. Qe2 Bxd2 25. Red1 Nf4 26. Qf3 Bxb5 27. cxb5 Qxb5 28. Ra1 Rxa1 29. Rxa1 Qe2 30. Qxe2 Nxe2+ 31. Kf1 Nd4 32. Rd1 Nxb3 33. Rb1 Nc1 34. Rb2 Bc3 35. Rc2 Rc8 36. Rxc1 b3 37. Rb1 b2 38. f3 g5 39. g3 Kg7 40. h4 gxh4 41. gxh4 Bf6 42. h5 Rc1+ 0-1